Ministrategie firmy

Salvato in:
Dettagli Bibliografici
Autore principale: Souček, Zdeněk
Natura: Libro
Lingua:ceco
Pubblicazione: Praha ECONOMIA 1991
Edizione:1. vyd.
Tags: Aggiungi Tag
Nessun Tag, puoi essere il primo ad aggiungerne!!

MARC

LEADER 00000nam a2200000 4500
001 c024650
005 20230217123916.8
041 0 |a cze 
044 |a CZ 
245 1 0 |a Ministrategie firmy  |c Zdeňek Souček 
250 |a 1. vyd. 
264 1 |a Praha  |b ECONOMIA  |c 1991 
300 |a 49 s. 
100 1 |a Souček, Zdeněk